| 000 | 00980nam a2200229Ia 4500 | ||
|---|---|---|---|
| 999 |
_c40192 _d40192 |
||
| 001 | 6799 | ||
| 003 | GE_BSU | ||
| 005 | 20190513155917.0 | ||
| 008 | 181216s1963||||ge |||||||||||||| ||geo|| | ||
| 040 | _cGE_BSU | ||
| 041 | _ageo | ||
| 080 | _a664.047(075.8) მ-58 | ||
| 100 |
_aმესხიშვილი, გ. _91073 |
||
| 245 |
_aკვების პროდუქტების შრობა : _bსახელმძღვ. / _cგ. მესხიშვილი, ს. ბუაჩიძე ; რედ. შ. ლომინაძე. |
||
| 264 |
_aთბილისი : _bცოდნა, _c1963. |
||
| 300 |
_a273 გვ. : _bილ. ; _c22 სმ. |
||
| 504 | _aბიბლიოგრ. : გვ.272-273. | ||
| 653 | _aკვების პროდუქტების შრობა | ||
| 700 |
_aბუაჩიძე, ს. _eავტორი _91074 |
||
| 700 |
_aლომინაძე, შ. _eრედაქტორი _922 |
||
| 942 |
_cBK _2udc |
||